Statistics for 165 Most Common Verbs - Spanish

Click here to take the quiz!

General Stats

  • This quiz has been taken 13 times
  • The average score is 98 of 165

Answer Stats

HintAnswer% Correct
to helpayudar
100%
to drinkbeber
100%
to cookcocinar
100%
to eat | to eat lunchcomer
100%
to buycomprar
100%
to believecreer
100%
to smokefumar
100%
to goir
100%
to playjugar
100%
to callllamar
100%
to knowsaber
100%
to beser
100%
to havetener
100%
to useusar
100%
to dancebailar
92%
to singcantar
92%
to runcorrer
92%
to costcostar
92%
to sleepdormir
92%
to understandentender
92%
to beestar
92%
to readleer
92%
to thinkpensar
92%
to canpoder
92%
to touchtocar
92%
to openabrir
85%
to learnaprender
85%
to closecerrar
85%
to understandcomprender
85%
to givedar
85%
to saydecir
85%
to writeescribir
85%
to studyestudiar
85%
to speakhablar
85%
to dohacer
85%
to carry / wear | to wearllevar
85%
to hearoír
85%
to loseperder
85%
to askpreguntar
85%
to drink | to drink/eat/taketomar
85%
to sellvender
85%
to seever
85%
to livevivir
85%
to loveamar
77%
to eat dinnercenar
77%
to drive a carconducir
77%
to know (to get to know)conocer
77%
to count / to tellcontar
77%
to cutcortar
77%
to decidedecidir
77%
to eat breakfastdesayunar
77%
to listenescuchar
77%
to winganar
77%
to washlavar
77%
to diemorir
77%
to neednecesitar
77%
to forgetolvidar
77%
to passpasar
77%
to putponer
77%
to receiverecibir
77%
to worktrabajar
77%
to bringtraer
77%
to comevenir
77%
to returnvolver
77%
to look forbuscar
69%
to continuecontinuar
69%
to drawdibujar
69%
to sendenviar
69%
to explainexplicar
69%
to get uplevantar
69%
to arrivellegar
69%
to stopparar
69%
to want / lovequerer
69%
to breakromper
69%
to feelsentir
69%
to endterminar
69%
to flyvolar
69%
to begin | to startcomenzar
62%
to findencontrar
62%
to teachenseñar
62%
to havehaber
62%
to killmatar
62%
to drysecar
62%
to turn offapagar
54%
to restdescansar
54%
to destroydestruir
54%
to call oneselfllamarse
54%
to liementir
54%
to ask forpedir
54%
to stayquedar
54%
to walk/to go/to leaveandar
46%
to buildconstruir
46%
to beginempezar
46%
to enterentrar
46%
to avoidevitar
46%
to cryllorar
46%
to offerofrecer
46%
to rememberrecordar
46%
to worthvaler
46%
to adviseaconsejar
38%
to appearaparecer
38%
to go downbajar
38%
to hurtdoler
38%
to ease / to faciliatatefacilitar
38%
to fillllenar
38%
to order / to mandatemandar
38%
to do ones make upmaquillarse
38%
to seemparecer
38%
to repeatrepetir
38%
to leavesalir
38%
to supportapoyar
31%
to fitcaber
31%
to be quiet / to shut upcallar
31%
to f*ck (Argentina) | to take (Spanish)coger
31%
to let / to allow / to leavedejar
31%
to have fundivertirse
31%
to employemplear
31%
to turn onencender
31%
to turngirar
31%
to attempt / tryintentar
31%
to hurt (reflx)lastimarse
31%
to complainquejarse
31%
to refuserechazar
31%
to answerresponder
31%
to sitsentarse
31%
to go upsubir
31%
to suggestsugerir
31%
to endacabar
23%
to say goodbyedespedir
23%
to chooseelegir
23%
to fryfreír
23%
to achievelograr
23%
to stayquedarse
23%
to greetsaludar
23%
to support / put up withsoportar
23%
to end (reflx.)acabarse
15%
to murderasesinar
15%
to behave (reflex.)comportarse
15%
to brushpeinar
15%
to proposeproponer
15%
to come backregresar
15%
to mean (something)significar
15%
to bakeasar
8%
to benddoblar
8%
to pay attention/focus on sthfijar
8%
to smokequemar
8%
to take awayquitar
8%
to requestsolicitar
8%
to changecambriar
0%
to meet (reflx.)encontarse
0%
to allowposibilitar
0%
to biteto morder
0%

Score Distribution

Percentile by Number Answered

Percent of People with Each Score

Your Score History

You have not taken this quiz